ISTILAH geografi : Bahasa Inggeris - Bahasa Melayu; Bahasa Melayu - Bahasa Inggeris
| Format: | Book |
|---|---|
| Published: |
Kuala Lumpur :
DBP ,
1993
|
| Subjects: |
MARC
| LEADER | 00000cam a2200000 7i4500 | ||
|---|---|---|---|
| 001 | 0000000860 | ||
| 005 | 20001017.0 | ||
| 020 | 0 | 0 | |a 9836231625 |
| 090 | 0 | 0 | |a MR910.3 |b IST 1993 |
| 245 | 0 | 0 | |a ISTILAH geografi : |b Bahasa Inggeris - Bahasa Melayu; Bahasa Melayu - Bahasa Inggeris |
| 260 | 0 | 0 | |a Kuala Lumpur : |b DBP , |c 1993 |
| 300 | |a xix619 p. ; |c 14 x 22 cm. | ||
| 650 | 0 | 0 | |a Geography |x Dictionaries |
| 650 | 0 | 0 | |a Geography |x Dictionaries |x Malay |
| 999 | |a 0000000478 |b Monograph |c Reference |e Default branch | ||